[Event "8. Ciudad los Ã�ngeles 2014"]
[Site "Madrid ESP"]
[Date "2014.05.04"]
[Round "6.4"]
[White "Fernandez Sanchez, Lorenzo"]
[Black "Crespo Villalba, Israel"]
[Result "1-0"]
[WhiteElo "1793"]
[BlackElo "1895"]
[PlyCount "147"]
[EventDate "2014.03.23"]
[EventType "swiss"]
[EventRounds "9"]
[EventCountry "ESP"]
[Source "lmi"]
[SourceDate "2014.03.23"]

1. e4 d6 2. d4 Nf6 3. Nc3 g6 4. Be3 Bg7 5. Qd2 O-O 6. f3 e5 7. Nge2 exd4 8.
Nxd4 d5 9. exd5 Nxd5 10. Nxd5 Qxd5 11. c3 Re8 12. Kf2 c6 13. Nb3 Qxd2+ 14. Bxd2
Nd7 15. Be2 Ne5 16. Nd4 a6 17. Rhe1 c5 18. Nb3 b6 19. Bf4 Bf5 20. Bxe5 Rxe5 21.
f4 Re7 22. Bf3 Rxe1 23. Rxe1 Rd8 24. Rd1 Rxd1 25. Bxd1 c4 26. Nd2 b5 27. a3 Bf8
28. Bf3 Bc5+ 29. Ke1 Be3 30. g3 Bd7 31. Bb7 a5 32. Ke2 Bc5 33. Kf3 Be6 34. Ne4
Be7 35. Bc6 b4 36. axb4 axb4 37. Ng5 bxc3 38. bxc3 Bc8 39. Bd5 Be6 40. Nxe6
fxe6 41. Bxe6+ Kg7 42. Ke2 Kf6 43. Bxc4 g5 44. Kf3 gxf4 45. gxf4 h6 46. Kg4 Bd6
47. Bd5 h5+ 48. Kf3 Bc5 49. Ke4 h4 50. h3 Bb6 51. Bb7 Bc7 52. Kf3 Bd8 53. Kg4
Bc7 54. Bf3 Bd6 55. Be4 Bc7 56. c4 Bd6 57. Bd5 Bc7 58. c5 Bb8 59. Bb7 Bc7 60.
Kf3 Kf5 61. Bc8+ Kf6 62. Ke4 Bb8 63. f5 Be5 64. Kd5 Bb8 65. Kc6 Ba7 66. Kd6
Bb8+ 67. Kc6 Ba7 68. Kb5 Ke5 69. c6 Bb8 70. Kb6 Kd6 71. Kb7 Bc7 72. f6 Ba5 73.
Bg4 Bd8 74. Bh5 1-0

[Event "8. Ciudad los Ã�ngeles 2014"]
[Site "Madrid ESP"]
[Date "2014.05.04"]
[Round "6.5"]
[White "Pindado Campos, Raul"]
[Black "Lopez Ziegler, Carlos"]
[Result "0-1"]
[WhiteElo "1901"]
[BlackElo "1944"]
[PlyCount "106"]
[EventDate "2014.03.23"]
[EventType "swiss"]
[EventRounds "9"]
[EventCountry "ESP"]
[Source "lmi"]
[SourceDate "2014.03.23"]

1. d4 d5 2. c4 c6 3. cxd5 cxd5 4. Nc3 Nc6 5. Bf4 Nf6 6. e3 Bf5 7. Bd3 Bxd3 8.
Qxd3 e6 9. Nf3 a6 10. O-O Bd6 11. Bxd6 Qxd6 12. a3 O-O 13. b4 Rfc8 14. h3 b5
15. Rac1 Nd7 16. e4 Nb6 17. Ng5 dxe4 18. Qxe4 g6 19. Qh4 h5 20. Rcd1 Nd5 21.
Nxd5 exd5 22. f4 Ne7 23. Qf2 Rc6 24. Qb2 Rac8 25. Rc1 Rc4 26. Qd2 Nf5 27. Nf3
Ng3 28. Rxc4 dxc4 29. Rc1 Qxf4 30. Qxf4 Ne2+ 31. Kf1 Nxf4 32. Ne5 Rc7 33. h4 f6
34. Nf3 Kf7 35. g3 Nd5 36. Kf2 Re7 37. Ne1 Re4 38. Nc2 Ke6 39. Kf3 f5 40. Ra1
Nc3 41. Ne3 Rxd4 42. Re1 Rd3 43. Kf4 Nd5+ 44. Nxd5+ Kxd5 45. Ra1 c3 46. Rc1 Kc4
47. Ke5 Rxg3 48. Kf4 Rg4+ 49. Ke3 Rxh4 50. Rg1 Re4+ 51. Kf2 Re6 52. Rh1 c2 53.
Kf3 Kc3 0-1

[Event "8. Ciudad los Ã�ngeles 2014"]
[Site "Madrid ESP"]
[Date "2014.05.04"]
[Round "6.6"]
[White "Tirado Parra, Alberto"]
[Black "Largo Barbero, Benito"]
[Result "1-0"]
[WhiteElo "1939"]
[BlackElo "1938"]
[PlyCount "109"]
[EventDate "2014.03.23"]
[EventType "swiss"]
[EventRounds "9"]
[EventCountry "ESP"]
[Source "lmi"]
[SourceDate "2014.03.23"]

1. d4 g6 2. e4 Bg7 3. Nf3 c5 4. Nc3 cxd4 5. Nxd4 a6 6. Bc4 e6 7. Be3 Nc6 8.
Nxc6 bxc6 9. Qd6 Qe7 10. Bc5 Qxd6 11. Bxd6 Bf8 12. Bxf8 Kxf8 13. e5 Kg7 14.
O-O-O f5 15. Na4 Ne7 16. Nc5 Ra7 17. Rd3 g5 18. Ra3 h5 19. Rd1 Ng6 20. Re1 Rd8
21. g3 Kf7 22. f4 gxf4 23. gxf4 Nxf4 24. Rf1 Nd5 25. Ne4 Rg8 26. Nd6+ Ke7 27.
Rh3 Ra8 28. Bxd5 cxd5 29. Rxh5 a5 30. Rh7+ Kd8 31. c4 dxc4 32. Rd1 Ra7 33. h4
Bb7 34. Nb5 Bf3 35. Nxa7 Bxd1 36. Kxd1 f4 37. Rf7 Rg4 38. h5 Rh4 39. h6 Rxh6
40. Rxf4 Rh5 41. Re4 Ke7 42. Nb5 c3 43. bxc3 Rh2 44. Re2 Rh1+ 45. Kc2 Kd8 46.
Kb3 Rh4 47. Nd6 Kc7 48. Re4 Rh2 49. Rc4+ Kb6 50. Rd4 Kc5 51. Nb7+ Kb6 52. Nd6
Re2 53. Ra4 Re1 54. Nc4+ Kc6 55. Rxa5 1-0

[Event "8. Ciudad los Ã�ngeles 2014"]
[Site "Madrid ESP"]
[Date "2014.05.04"]
[Round "6.7"]
[White "Benitez Cadenas, Luis Miguel"]
[Black "Ruiz Sanchez, Roberto"]
[Result "0-1"]
[WhiteElo "1695"]
[BlackElo "1935"]
[PlyCount "90"]
[EventDate "2014.03.23"]
[EventType "swiss"]
[EventRounds "9"]
[EventCountry "ESP"]
[Source "lmi"]
[SourceDate "2014.03.23"]

1. d4 d5 2. Nf3 Nf6 3. e3 Bf5 4. c4 c6 5. cxd5 cxd5 6. Bb5+ Nbd7 7. Nc3 a6 8.
Bd3 Bxd3 9. Qxd3 e6 10. Bd2 Bd6 11. O-O O-O 12. Rfc1 Rc8 13. Rc2 Rc7 14. Rac1
Qb8 15. Na4 Rfc8 16. Rxc7 Rxc7 17. Rxc7 Qxc7 18. Qc3 Qb8 19. Qb3 b5 20. Nc3 Nb6
21. h3 Nc4 22. a4 b4 23. Nb1 Ne4 24. Be1 Nf6 25. Nbd2 Na5 26. Qd3 Qb7 27. Nb3
Nc4 28. Qc2 h6 29. Nfd2 Nxd2 30. Bxd2 Ne4 31. Kf1 Qd7 32. Nc5 Bxc5 33. dxc5 a5
34. f3 Nxd2+ 35. Qxd2 Qxa4 36. e4 Qb5+ 37. Ke1 Qxc5 38. exd5 Qxd5 39. Qc2 b3
40. Qc8+ Kh7 41. Qc7 e5 42. Qc8 a4 43. Qe8 a3 44. bxa3 b2 45. Qb8 Qa2 0-1

[Event "8. Ciudad los Ã�ngeles 2014"]
[Site "Madrid ESP"]
[Date "2014.05.04"]
[Round "6.8"]
[White "Palomares Monreal, Francisco J"]
[Black "Fernandez Rodriguez, Fernando"]
[Result "1/2-1/2"]
[WhiteElo "1651"]
[BlackElo "1782"]
[PlyCount "75"]
[EventDate "2014.03.23"]
[EventType "swiss"]
[EventRounds "9"]
[EventCountry "ESP"]
[Source "lmi"]
[SourceDate "2014.03.23"]

1. e4 e6 2. d4 d5 3. Nc3 Bb4 4. e5 c5 5. a3 Bxc3+ 6. bxc3 Qa5 7. Bd2 Qa4 8. Nf3
c4 9. Be2 Nc6 10. Nh4 Bd7 11. O-O O-O-O 12. f4 Nge7 13. Qc1 h6 14. Nf3 f6 15.
Qb2 fxe5 16. Rfb1 b6 17. Nxe5 Nxe5 18. fxe5 g5 19. Qb4 Qxb4 20. cxb4 Be8 21. b5
Bg6 22. Rb2 Be4 23. a4 Nf5 24. c3 Nh4 25. a5 Kb7 26. axb6 axb6 27. Rba2 Ra8 28.
Rxa8 Rxa8 29. Rxa8 Kxa8 30. g3 Nf3+ 31. Bxf3 Bxf3 32. Kf2 Bd1 33. h4 gxh4 34.
gxh4 h5 35. Kg3 Ba4 36. Kf4 Bxb5 37. Kg5 Be8 38. Kf6 1/2-1/2

[Event "8. Ciudad los Ã�ngeles 2014"]
[Site "Madrid ESP"]
[Date "2014.05.04"]
[Round "6.9"]
[White "Huerto Moreno, Jorge"]
[Black "Garces Adan, Jose A"]
[Result "0-1"]
[WhiteElo "1534"]
[BlackElo "1777"]
[PlyCount "66"]
[EventDate "2014.03.23"]
[EventType "swiss"]
[EventRounds "9"]
[EventCountry "ESP"]
[Source "lmi"]
[SourceDate "2014.03.23"]

1. d4 d5 2. c4 e6 3. Nc3 Nf6 4. Bg5 Be7 5. Nf3 b6 6. e3 Bb7 7. cxd5 exd5 8.
Bb5+ Nfd7 9. Bf4 O-O 10. O-O Nf6 11. Rc1 c6 12. Bd3 Nbd7 13. Qc2 c5 14. b3 cxd4
15. Nxd4 Rc8 16. Qe2 Ba3 17. Rc2 Re8 18. Ncb5 Bc5 19. Nxa7 Ra8 20. Nab5 Ne5 21.
Bxe5 Rxe5 22. Nf3 Re7 23. Rd1 Ng4 24. Bxh7+ Kf8 25. Nbd4 g6 26. Ng5 Bc8 27. Nc6
Qd6 28. g3 Qxc6 29. b4 Qf6 30. h4 Nxe3 31. fxe3 Rxe3 32. Qf1 Re1+ 33. bxc5
Qxf1+ 0-1

[Event "8. Ciudad los Ã�ngeles 2014"]
[Site "Madrid ESP"]
[Date "2014.05.04"]
[Round "6.10"]
[White "Ballesteros Jimenez, Miguel A"]
[Black "Yeves Miquel, Enrique"]
[Result "1/2-1/2"]
[WhiteElo "1609"]
[BlackElo "1742"]
[PlyCount "20"]
[EventDate "2014.03.23"]
[EventType "swiss"]
[EventRounds "9"]
[EventCountry "ESP"]
[Source "lmi"]
[SourceDate "2014.03.23"]

1. Nf3 c5 2. c4 Nc6 3. g3 e5 4. Nc3 g6 5. Bg2 Bg7 6. O-O Nge7 7. Rb1 d6 8. d3
O-O 9. Bg5 f6 10. Bd2 Be6 1/2-1/2

[Event "8. Ciudad los Ã�ngeles 2014"]
[Site "Madrid ESP"]
[Date "2014.05.04"]
[Round "6.11"]
[White "Pena Marina, Jose Maria"]
[Black "Cano Nieto, Jose Luis"]
[Result "1-0"]
[WhiteElo "1848"]
[BlackElo "1597"]
[PlyCount "107"]
[EventDate "2014.03.23"]
[EventType "swiss"]
[EventRounds "9"]
[EventCountry "ESP"]
[Source "lmi"]
[SourceDate "2014.03.23"]

1. c4 Nf6 2. Nc3 e6 3. d4 d5 4. Nf3 dxc4 5. e3 Nc6 6. Bxc4 Be7 7. O-O O-O 8. b3
h6 9. Bb2 Bd7 10. Rc1 a6 11. a4 Nh7 12. d5 exd5 13. Nxd5 Nf6 14. Nxf6+ Bxf6 15.
Bxf6 gxf6 16. Nd4 Ne5 17. Qh5 Kg7 18. Nf5+ Bxf5 19. Qxf5 Qc8 20. Qf4 Qg4 21.
Qxg4+ Nxg4 22. Be2 Ne5 23. Rxc7 Rab8 24. f4 Ng6 25. Rd1 Rfc8 26. Rdd7 Rxc7 27.
Rxc7 f5 28. Bc4 Nh8 29. a5 b5 30. axb6 Rxb6 31. Ra7 Kf6 32. Rxa6 Rxa6 33. Bxa6
Ng6 34. b4 Ne7 35. Bb7 Ke6 36. Kf2 Kd6 37. b5 Kc7 38. Bf3 Kb6 39. Be2 f6 40.
Bd3 Nd5 41. Kf3 Ne7 42. g4 fxg4+ 43. Kxg4 Nd5 44. e4 h5+ 45. Kf5 Ne3+ 46. Kxf6
Ng4+ 47. Kg5 Nxh2 48. Kxh5 Nf3 49. e5 Nd4 50. f5 Nf3 51. e6 Kc7 52. b6+ Kd6 53.
b7 Kc7 54. e7 1-0

[Event "8. Ciudad los Ã�ngeles 2014"]
[Site "Madrid ESP"]
[Date "2014.05.04"]
[Round "6.12"]
[White "Lopez-Andujar Ocana, Ramon"]
[Black "Enfedaque Jimenez, Juan Carlos"]
[Result "0-1"]
[WhiteElo "1652"]
[BlackElo "1745"]
[PlyCount "40"]
[EventDate "2014.03.23"]
[EventType "swiss"]
[EventRounds "9"]
[EventCountry "ESP"]
[Source "lmi"]
[SourceDate "2014.03.23"]

1. e4 e6 2. d4 d5 3. Nc3 Bb4 4. Nge2 dxe4 5. a3 Bxc3+ 6. Nxc3 Nc6 7. Bb5 Bd7 8.
Nxe4 Qh4 9. Qd3 Nf6 10. Nxf6+ Qxf6 11. c3 O-O 12. O-O Rad8 13. Ba4 Nxd4 14.
Bxd7 Nb3 15. Rb1 Qe7 16. Qc2 Nxc1 17. Bb5 Qc5 18. a4 c6 19. b4 Qe5 20. Bxc6
Ne2+ 0-1

[Event "8. Ciudad los Ã�ngeles 2014"]
[Site "Madrid ESP"]
[Date "2014.05.04"]
[Round "6.13"]
[White "Perez Bruni, Alfredo"]
[Black "Fernandez Moreno, Gerardo"]
[Result "1-0"]
[WhiteElo "1721"]
[BlackElo "1782"]
[PlyCount "113"]
[EventDate "2014.03.23"]
[EventType "swiss"]
[EventRounds "9"]
[EventCountry "ESP"]
[Source "lmi"]
[SourceDate "2014.03.23"]

1. e4 c6 2. d4 d5 3. e5 Bf5 4. Nc3 e6 5. g4 Bg6 6. Nge2 Nd7 7. h4 h6 8. Nf4 Bh7
9. Bd3 Bxd3 10. Qxd3 Bb4 11. Nxe6 fxe6 12. Qg6+ Kf8 13. Rh3 Ne7 14. Qxe6 Qe8
15. Rf3+ Nf6 16. exf6 gxf6 17. Rxf6+ Kg7 18. Bxh6+ Rxh6 19. Rxh6 Ng6 20. Rxg6+
Qxg6 21. Qxg6+ Kxg6 22. Kd2 Rf8 23. Rf1 Rf4 24. f3 Rxd4+ 25. Ke3 Bc5 26. Ke2
Rf4 27. Nd1 Rf7 28. c3 Re7+ 29. Kd3 a5 30. Kd2 Rh7 31. h5+ Kg5 32. Nf2 Rf7 33.
Nd3 Bd6 34. Ke2 b6 35. Kf2 c5 36. Kg2 c4 37. Nf2 Re7 38. Nh3+ Kh6 39. Rf2 Bc5
40. Rd2 Rd7 41. Nf4 Be3 42. Rxd5 Rxd5 43. Nxd5 Bc5 44. Kh3 b5 45. f4 b4 46. Nf6
bxc3 47. bxc3 Bd4 48. g5+ Kg7 49. Ne4 Bxc3 50. Nxc3 a4 51. Nxa4 c3 52. Nxc3 Kh7
53. a4 Kg7 54. a5 Kh8 55. a6 Kg8 56. a7 Kh8 57. a8=Q+ 1-0

[Event "8. Ciudad los Ã�ngeles 2014"]
[Site "Madrid ESP"]
[Date "2014.05.04"]
[Round "6.14"]
[White "Sotres Menendez, Raul"]
[Black "Bellod Thomas, Gonzalo"]
[Result "0-1"]
[WhiteElo "1629"]
[BlackElo "1696"]
[PlyCount "32"]
[EventDate "2014.03.23"]
[EventType "swiss"]
[EventRounds "9"]
[EventCountry "ESP"]
[Source "lmi"]
[SourceDate "2014.03.23"]

1. Nf3 d5 2. d4 Nf6 3. c4 e6 4. Nc3 Be7 5. e3 O-O 6. Bd3 Nbd7 7. O-O dxc4 8.
Bxc4 a6 9. a4 c5 10. d5 exd5 11. Nxd5 Nxd5 12. Bxd5 Nf6 13. e4 Nxd5 14. exd5
Bg4 15. Bf4 Bd6 16. Bg5 Bxf3 0-1

[Event "8. Ciudad los Ã�ngeles 2014"]
[Site "Madrid ESP"]
[Date "2014.05.04"]
[Round "6.16"]
[White "Canseco Arenas, Alfonso"]
[Black "Salgado Duarte, Pablo"]
[Result "1/2-1/2"]
[WhiteElo "1737"]
[BlackElo "1556"]
[PlyCount "186"]
[EventDate "2014.03.23"]
[EventType "swiss"]
[EventRounds "9"]
[EventCountry "ESP"]
[Source "lmi"]
[SourceDate "2014.03.23"]

1. e4 e5 2. c4 Nf6 3. Nc3 Nc6 4. g3 Bc5 5. Bg2 d6 6. Nge2 Bg4 7. h3 Bxe2 8.
Nxe2 O-O 9. O-O Qd7 10. d3 h6 11. Kh2 a6 12. a4 Nd4 13. b3 b5 14. axb5 axb5 15.
Rxa8 Rxa8 16. Nxd4 Bxd4 17. Qe2 bxc4 18. bxc4 Qa4 19. Be3 Bxe3 20. Qxe3 Qb3 21.
Rc1 Nd7 22. Bf1 Nc5 23. Be2 Ra3 24. Rd1 Na4 25. Rd2 Nb6 26. Kg2 Qb4 27. Rc2 Ra1
28. Qd2 Qb1 29. Kf3 Qh1+ 30. Kg4 Nd7 31. f4 Nf6+ 32. Kh4 Qh2 33. Bf3 Qg1 34.
Qf2 Qb1 35. f5 Qb8 36. g4 Qd8 37. Kg3 Nh7 38. h4 Ra3 39. Qd2 Qa8 40. Rb2 Qa7
41. Kg2 Ra1 42. Qf2 Qa3 43. Qd2 Nf6 44. g5 hxg5 45. hxg5 Nd7 46. Be2 Qa7 47.
Bf1 Nc5 48. f6 Ne6 49. Qf2 Nf4+ 50. Kg3 Qxf2+ 51. Kxf2 Rd1 52. Rb7 Ne6 53. Ke2
Ra1 54. Kf2 Ra2+ 55. Ke3 Ra1 56. Be2 gxf6 57. gxf6 Kh7 58. Bg4 Kg6 59. Bxe6
fxe6 60. Rxc7 Kxf6 61. Rc6 Ke7 62. Rc7+ Kd8 63. Rg7 Ra5 64. Kd2 Ra2+ 65. Kc3
Ra3+ 66. Kd2 Ra2+ 67. Ke3 Ra3 68. Rb7 Kc8 69. Re7 d5 70. cxd5 exd5 71. exd5 Kd8
72. Rxe5 Kd7 73. Re6 Ra5 74. Ke4 Ra4+ 75. d4 Ra1 76. Rh6 Re1+ 77. Kd3 Rd1+ 78.
Kc3 Rc1+ 79. Kd2 Rc4 80. Kd3 Rc1 81. d6 Rd1+ 82. Ke4 Ra1 83. Ke5 Ra5+ 84. d5
Ra1 85. Rh7+ Kd8 86. d7 Ra6 87. d6 Ra5+ 88. Ke6 Re5+ 89. Kf6 Rf5+ 90. Kg7 Rg5+
91. Kf8 Rf5+ 92. Kg8 Rg5+ 93. Kh8 Rg8+ 1/2-1/2

[Event "8. Ciudad los Ã�ngeles 2014"]
[Site "Madrid ESP"]
[Date "2014.05.04"]
[Round "6.17"]
[White "Vazquez Cabeza, Isaac"]
[Black "Sancinena Arpide, Juan"]
[Result "0-1"]
[WhiteElo "1538"]
[BlackElo "1622"]
[PlyCount "50"]
[EventDate "2014.03.23"]
[EventType "swiss"]
[EventRounds "9"]
[EventCountry "ESP"]
[Source "lmi"]
[SourceDate "2014.03.23"]

1. c4 e5 2. Nc3 Nf6 3. d3 d5 4. cxd5 Nxd5 5. g3 Bb4 6. Bd2 O-O 7. Bg2 Nxc3 8.
bxc3 Bc5 9. c4 Qf6 10. Nf3 Nc6 11. Bc3 Re8 12. O-O Bf5 13. Nd2 Rad8 14. Nb3 Qd6
15. e4 Bg6 16. Nxc5 Qxc5 17. Qc2 Nd4 18. Bxd4 Rxd4 19. Rad1 Red8 20. Rd2 Qd6
21. Rfd1 b6 22. Bf3 f5 23. Qb3 Kh8 24. Qc2 fxe4 25. Bxe4 Bxe4 0-1

[Event "8. Ciudad los Ã�ngeles 2014"]
[Site "Madrid ESP"]
[Date "2014.05.04"]
[Round "6.18"]
[White "Pindado Del Carmen, Eliseo"]
[Black "Lopez Ziegler, Juan Jose"]
[Result "1-0"]
[WhiteElo "1604"]
[BlackElo "1512"]
[PlyCount "108"]
[EventDate "2014.03.23"]
[EventType "swiss"]
[EventRounds "9"]
[EventCountry "ESP"]
[Source "lmi"]
[SourceDate "2014.03.23"]

1. d4 Nf6 2. Nf3 d5 3. e3 Bg4 4. Be2 e6 5. b3 Bb4+ 6. c3 Bd6 7. Nbd2 O-O 8. Qc2
h6 9. Bd3 c5 10. h3 Bxf3 11. Nxf3 Nc6 12. O-O Rc8 13. c4 Nb4 14. Qe2 Nxd3 15.
Qxd3 dxc4 16. bxc4 Qc7 17. Nd2 Rfd8 18. d5 exd5 19. Bb2 dxc4 20. Qc2 Be5 21.
Nxc4 Bxb2 22. Qxb2 Rd5 23. Rab1 b6 24. f3 Rcd8 25. e4 Rd4 26. Rbc1 Qf4 27. a4
Rxc4 28. Rxc4 Qg5 29. Qc1 Qg3 30. Rd1 Re8 31. Qe3 Nh5 32. Qf2 Qg6 33. Kh2 Qe6
34. Rc2 Qb3 35. Qe2 Qxa4 36. Ra2 Qc6 37. Rxa7 Nf4 38. Qc4 Ne6 39. Rdd7 b5 40.
Qd5 Qxd5 41. exd5 Nf4 42. Rxf7 Nxd5 43. Rxg7+ Kh8 44. Rgd7 Nc3 45. Rdc7 c4 46.
Rab7 Kg8 47. h4 Nd5 48. Rg7+ Kh8 49. Rh7+ Kg8 50. Rxh6 b4 51. Rd6 Re7 52. Rb8+
Kf7 53. Rxd5 Ke6 54. Rc5 c3 1-0

[Event "8. Ciudad los Ã�ngeles 2014"]
[Site "Madrid ESP"]
[Date "2014.05.04"]
[Round "6.19"]
[White "Jimenez Manzano, Emiliano"]
[Black "Savchuk, Olga"]
[Result "1-0"]
[WhiteElo "1481"]
[BlackElo "1579"]
[PlyCount "105"]
[EventDate "2014.03.23"]
[EventType "swiss"]
[EventRounds "9"]
[EventCountry "ESP"]
[Source "lmi"]
[SourceDate "2014.03.23"]

1. e4 c5 2. Nf3 Nc6 3. d4 cxd4 4. Nxd4 g6 5. Nxc6 bxc6 6. Qd4 Nf6 7. Nc3 d6 8.
Qd1 Bg7 9. g3 O-O 10. Bg2 Bb7 11. Be3 Qc7 12. O-O Rfd8 13. f3 d5 14. exd5 cxd5
15. Bc1 Qc5+ 16. Kh1 Rac8 17. Re1 e6 18. Re2 Ba6 19. Rd2 Nd7 20. Ne2 Nb6 21. c3
Nc4 22. Rc2 Ne3 23. Bxe3 Qxe3 24. Rd2 Bh6 25. f4 Qb6 26. Qg1 Qc7 27. Rad1 Bg7
28. Nd4 Bc4 29. Qf2 Rb8 30. b3 Ba6 31. Bf1 Bxf1 32. Qxf1 Rdc8 33. Rc1 Qa5 34.
Qd3 Qb6 35. Rdc2 Rb7 36. Nf3 Rbc7 37. c4 dxc4 38. Rxc4 Rxc4 39. Rxc4 Rd8 40.
Qc2 Qe3 41. Qe4 Rd1+ 42. Kg2 Qd3 43. Qxd3 Rxd3 44. Rc8+ Bf8 45. Ne5 Rd2+ 46.
Kf3 f6 47. Ng4 Rxa2 48. Nxf6+ Kg7 49. Ng4 Ra3 50. Rc7+ Kh8 51. Nf6 Rxb3+ 52.
Ke4 Rb4+ 53. Kd3 1-0

[Event "8. Ciudad los Ã�ngeles 2014"]
[Site "Madrid ESP"]
[Date "2014.05.04"]
[Round "6.22"]
[White "Del Val Moreno, Jose A"]
[Black "Martin Rodriguez, Jose Luis"]
[Result "0-1"]
[WhiteElo "1568"]
[BlackElo "1407"]
[PlyCount "118"]
[EventDate "2014.03.23"]
[EventType "swiss"]
[EventRounds "9"]
[EventCountry "ESP"]
[Source "lmi"]
[SourceDate "2014.03.23"]

1. e4 e6 2. d4 d5 3. exd5 exd5 4. c4 dxc4 5. Bxc4 Nf6 6. Nc3 Bd6 7. Nge2 O-O 8.
O-O Re8 9. Bf4 Bxf4 10. Nxf4 Nbd7 11. Qb3 Rf8 12. Rad1 Nb6 13. Rfe1 Nxc4 14.
Qxc4 Qd6 15. Nce2 Bg4 16. h3 Bd7 17. Qc5 Ne4 18. Qxd6 Nxd6 19. Nc3 c6 20. Ne4
Nxe4 21. Rxe4 Rfe8 22. Rde1 Rxe4 23. Rxe4 Re8 24. f3 Rxe4 25. fxe4 f6 26. Kf2
Kf7 27. d5 cxd5 28. exd5 Ke7 29. Ke3 Kd6 30. Kd4 g6 31. h4 Bf5 32. g3 Bg4 33.
Ng2 h6 34. Ne3 Bd7 35. Nc4+ Kc7 36. d6+ Kc6 37. Na5+ Kxd6 38. Nxb7+ Kc6 39. Nc5
Bc8 40. a3 Kd6 41. Ne4+ Ke6 42. Kc5 Ke5 43. Nd6 Be6 44. Kc6 Bd5+ 45. Kc7 f5 46.
Nb5 a6 47. Nc3 Bc4 48. Kb6 f4 49. gxf4+ Kxf4 50. Na4 g5 51. hxg5 hxg5 52. Nc5
g4 53. Nxa6 g3 54. b4 g2 55. Nc5 g1=Q 56. a4 Qg6+ 57. Ka5 Qc6 58. b5 Qxc5 59.
Ka6 Qc8+ 0-1

[Event "8. Ciudad los Ã�ngeles 2014"]
[Site "Madrid ESP"]
[Date "2014.05.11"]
[Round "7.1"]
[White "Brull Cortes, Boris"]
[Black "Lobato Rivero, Carlos"]
[Result "1-0"]
[WhiteElo "2025"]
[BlackElo "1999"]
[PlyCount "99"]
[EventDate "2014.03.23"]
[EventType "swiss"]
[EventRounds "9"]
[EventCountry "ESP"]
[Source "lmi"]
[SourceDate "2014.03.23"]

1. e4 g6 2. d4 Bg7 3. Nc3 d6 4. f4 Nf6 5. Nf3 c5 6. dxc5 Qa5 7. Qd4 Nc6 8. Bb5
O-O 9. Qa4 Qxa4 10. Bxa4 dxc5 11. e5 Nd7 12. Be3 a6 13. Bxc6 bxc6 14. Ne4 Rb8
15. O-O-O Rb4 16. Nfd2 Bh6 17. a3 Rb5 18. Nc4 Nb6 19. Nxb6 Rxb6 20. Nxc5 Rb5
21. c4 Bxf4 22. Bxf4 Rxc5 23. Rd4 Be6 24. b3 a5 25. a4 f6 26. exf6 Rxf6 27. Re1
Kf7 28. Rde4 g5 29. Bd2 Rcf5 30. Bc3 Rg6 31. g3 Rf3 32. Kb2 Rf2+ 33. Ka3 Rxh2
34. Rf1+ Ke8 35. Bxa5 Bd7 36. Bb4 Re6 37. Rfe1 Rxe4 38. Rxe4 e6 39. Bd6 h5 40.
Kb4 h4 41. gxh4 Rxh4 42. Rxh4 gxh4 43. Kc5 Kd8 44. Kb6 Be8 45. a5 Kd7 46. a6
Kxd6 47. a7 h3 48. a8=Q Bd7 49. Qf8+ Ke5 50. Qg7+ 1-0

[Event "8. Ciudad los Ã�ngeles 2014"]
[Site "Madrid ESP"]
[Date "2014.05.11"]
[Round "7.2"]
[White "Marcos Herrero, Francisco"]
[Black "Rodriguez Dorado, Victor"]
[Result "0-1"]
[WhiteElo "1930"]
[BlackElo "1989"]
[PlyCount "68"]
[EventDate "2014.03.23"]
[EventType "swiss"]
[EventRounds "9"]
[EventCountry "ESP"]
[Source "lmi"]
[SourceDate "2014.03.23"]

1. Nf3 Nf6 2. c4 g6 3. b4 Bg7 4. Bb2 O-O 5. g3 d6 6. Bg2 e5 7. d3 Nbd7 8. O-O
Re8 9. Nc3 c6 10. Qb3 Nb6 11. a4 a5 12. b5 d5 13. Rfd1 d4 14. Nb1 c5 15. Nbd2
Rb8 16. Ng5 Qc7 17. Ba3 Nbd7 18. b6 Nxb6 19. Nge4 Nxe4 20. Nxe4 Nd7 21. Rab1 b6
22. Qb5 f5 23. Nxc5 bxc5 24. Bd5+ Kh8 25. Qc6 Qxc6 26. Bxc6 Rxb1 27. Rxb1 Bf6
28. Rb5 Re6 29. Bxd7 Bxd7 30. Rxa5 e4 31. Ra8+ Re8 32. Ra7 exd3 33. exd3 Bc6
34. Kf1 Bf3 0-1

[Event "8. Ciudad los Ã�ngeles 2014"]
[Site "Madrid ESP"]
[Date "2014.05.11"]
[Round "7.3"]
[White "Lopez Ziegler, Carlos"]
[Black "Cabanas Bravo, Juan Andres"]
[Result "0-1"]
[WhiteElo "1944"]
[BlackElo "2057"]
[PlyCount "80"]
[EventDate "2014.03.23"]
[EventType "swiss"]
[EventRounds "9"]
[EventCountry "ESP"]
[Source "lmi"]
[SourceDate "2014.03.23"]

1. e4 d5 2. exd5 Nf6 3. d4 Bg4 4. Bb5+ Nbd7 5. Nf3 Nxd5 6. O-O e6 7. Re1 c6 8.
Bf1 Qf6 9. Nbd2 Bb4 10. c3 Ba5 11. Ne4 Qe7 12. Bd2 O-O 13. h3 Bh5 14. a4 Rad8
15. Bg5 f6 16. Bh4 Rfe8 17. Bg3 e5 18. dxe5 Nxe5 19. Ned2 Kh8 20. Qe2 Nxc3 21.
bxc3 Bxc3 22. Rad1 Bxf3 23. Nxf3 Bxe1 24. Nxe1 Rxd1 25. Qxd1 Nd7 26. Nc2 Nc5
27. Ne3 Rd8 28. Qh5 Nxa4 29. Qg4 b5 30. h4 Nc3 31. h5 Qe4 32. Qh3 Nd5 33. h6
Nxe3 34. hxg7+ Kxg7 35. fxe3 Qxe3+ 36. Kh2 Qh6 37. Bh4 Qf4+ 38. Bg3 Qxf1 39.
Qg4+ Kh8 40. Bf4 Rg8 0-1

[Event "8. Ciudad los Ã�ngeles 2014"]
[Site "Madrid ESP"]
[Date "2014.05.11"]
[Round "7.4"]
[White "Avendano Mateos, Jose"]
[Black "Tirado Parra, Alberto"]
[Result "1/2-1/2"]
[WhiteElo "2042"]
[BlackElo "1939"]
[PlyCount "112"]
[EventDate "2014.03.23"]
[EventType "swiss"]
[EventRounds "9"]
[EventCountry "ESP"]
[Source "lmi"]
[SourceDate "2014.03.23"]

1. d4 d5 2. Nf3 Nf6 3. Bg5 Ne4 4. Bh4 c5 5. c3 Qb6 6. Qb3 Qh6 7. e3 c4 8. Qb5+
Qc6 9. Qxc6+ Nxc6 10. Nbd2 Bf5 11. Nxe4 Bxe4 12. Nd2 Bg6 13. e4 e6 14. Be2 Be7
15. Bg3 O-O 16. O-O Rfd8 17. Bf3 dxe4 18. Nxe4 Rac8 19. Bf4 b5 20. a3 a5 21.
Rfe1 h6 22. h3 Bxe4 23. Bxe4 Bd6 24. Bxd6 Rxd6 25. f4 Ne7 26. Kf2 g6 27. Bf3
Nd5 28. g3 b4 29. axb4 axb4 30. Bxd5 Rxd5 31. Ra4 bxc3 32. bxc3 Rb5 33. Re3
Rb2+ 34. Kf3 Rd2 35. Ke4 Kg7 36. Ra3 Kf6 37. g4 Rd1 38. g5+ hxg5 39. fxg5+ Kg7
40. Ra7 Rh8 41. Rc7 Rh4+ 42. Ke5 Rd3 43. Re2 Rhxh3 44. Rf2 Rhf3 45. Rxf3 Rxf3
46. Rxc4 Rf5+ 47. Ke4 Rxg5 48. Rc7 Rg1 49. c4 Re1+ 50. Kf4 Kf6 51. c5 g5+ 52.
Kf3 g4+ 53. Kf2 Rc1 54. Kg3 Rc4 55. Rd7 e5 56. dxe5+ Kxe5 1/2-1/2

[Event "8. Ciudad los Ã�ngeles 2014"]
[Site "Madrid ESP"]
[Date "2014.05.11"]
[Round "7.5"]
[White "Garces Adan, Jose A"]
[Black "Gil Sierra, Jacinto"]
[Result "1-0"]
[WhiteElo "1777"]
[BlackElo "2037"]
[PlyCount "59"]
[EventDate "2014.03.23"]
[EventType "swiss"]
[EventRounds "9"]
[EventCountry "ESP"]
[Source "lmi"]
[SourceDate "2014.03.23"]

1. e4 c5 2. Nf3 Nc6 3. c3 d5 4. exd5 Qxd5 5. c4 Qd8 6. d3 Nf6 7. Be3 Bg4 8. Be2
e6 9. Nbd2 Be7 10. O-O O-O 11. h3 Bh5 12. Nh2 Bxe2 13. Qxe2 Ne5 14. Bxc5 Bxc5
15. Qxe5 Qxd3 16. Qxc5 Qxd2 17. b3 Rfd8 18. Nf3 Qc2 19. Qe5 Rac8 20. Rfe1 Nd7
21. Qe3 Nc5 22. Re2 Qf5 23. Rd2 Rxd2 24. Qxd2 Ne4 25. Qd7 Qc5 26. Rf1 Kf8 27.
Qxb7 Ng3 28. Rd1 Ne2+ 29. Kh1 Qc6 30. Rd8+ 1-0